Socialistas de la Andalucía rural (Record no. 13743)

MARC details
000 -LEADER
campo de control de longitud fija 00957nam a2200277 i 4500
001 - NÚMERO DE CONTROL
campo de control 13743
003 - IDENTIFICADOR DE NÚMERO DE CONTROL
campo de control ES-MaACL
005 - FECHA Y HORA DE LA ÚLTIMA TRANSACCIÓN
campo de control 20250727025838.0
007 - CAMPO FIJO DE DESCRIPCIÓN FÍSICA--INFORMACIÓN GENERAL
campo de control de longitud fija t|
008 - DATOS DE LONGITUD FIJA--INFORMACIÓN GENERAL
campo de control de longitud fija 980703s1997 sp a |||| | spa d
020 ## - NÚMERO INTERNACIONAL ESTÁNDAR DEL LIBRO
Número Internacional Estándar del Libro 84-7658-520-9
080 ## - NÚMERO DE LA CLASIFICACIÓN DECIMAL UNIVERSAL
Número de la Clasificación Decimal Universal 329.14(410.354 Los Olivos)"19"
100 1# - ENTRADA PRINCIPAL--NOMBRE DE PERSONA
Nombre de persona Collier, George A.
9 (RLIN) 39708
245 10 - MENCIÓN DEL TÍTULO
Título Socialistas de la Andalucía rural
Resto del título : los revolucionarios ignorados de la Segunda República /
Mención de responsabilidad, etc. George A. Collier.
250 ## - MENCION DE EDICION
Mención de edición 1ª ed. en Anthropos.
260 ## - PUBLICACIÓN, DISTRIBUCIÓN, ETC.
Lugar de publicación, distribución, etc. Barcelona :
Nombre del editor, distribuidor, etc. Anthropos,
Fecha de publicación, distribución, etc. 1997.
300 ## - DESCRIPCIÓN FÍSICA
Extensión 287 p. :
Otras características físicas il. ;
Dimensiones 20 cm.
490 1# - MENCIÓN DE SERIE
Mención de serie Autores, textos y temas. Antropología ;
Designación de volumen o secuencia 32
500 ## - NOTA GENERAL
Nota general Índices. Cronología.
504 ## - NOTA DE BIBLIOGRAFÍA, ETC.
Nota de bibliografía, etc. Bibliografía: p. 271-176.
650 14 - PUNTO DE ACCESO ADICIONAL DE MATERIA--TÉRMINO DE MATERIA
Término de materia o nombre geográfico como elemento de entrada Socialistas-
Subdivisión geográfica Andalucía.
9 (RLIN) 170084
651 #4 - PUNTO DE ACCESO ADICIONAL DE MATERIA--NOMBRE GEOGRÁFICO
Nombre geográfico Andalucía-
Subdivisión general Historia-
Subdivisión cronológica 1931-1939.
9 (RLIN) 170085
830 0# - PUNTO DE ACCESO ADICIONAL DE SERIE-TÍTULO UNIFORME
Título uniforme Autores, textos y temas. Antropología
Designación de volumen o secuencia 32
9 (RLIN) 177281
852 ## - LOCALIZACIÓN
Ubicación ES-MaACL
Número de control de estantería L-21341
Holdings
Estatus retirado Estado de pérdida Estado de daño No para préstamo Biblioteca de origen Biblioteca actual Ubicación en estantería Fecha de adquisición Fuente de adquisición Total de préstamos Signatura topográfica completa Código de barras Visto por última vez Precio de reemplazo Tipo de ítem Koha
        Biblioteca del Ateneo de Madrid Biblioteca del Ateneo de Madrid Depósito 2 17/01/2008     L-21341 1013987 23/02/2023 23/02/2023 Libro impreso